|
|
|
|
| LEADER |
01155nam a2200265 a 4500 |
| 001 |
c000193316 |
| 003 |
CARM |
| 005 |
20021125001700.0 |
| 008 |
860721s1944 a cf b 00010bspa d |
| 019 |
1 |
|
|a 3721380
|5 LACONCORD2021
|
| 035 |
|
|
|a (OCoLC)12063338
|5 LACONCORD2021
|
| 040 |
|
|
|a NUN
|c NUN
|
| 043 |
|
|
|a s-cl---
|
| 082 |
1 |
|
|a 983.060924
|2 19
|
| 100 |
1 |
|
|a Espinosa, Januario,
|d 1879-1946.
|
| 245 |
1 |
0 |
|a Don Manuel Montt uno de los más grandes estadistas de América /
|c Januario Espinosa ; prólogo de Ricardo Latcham.
|
| 260 |
|
|
|a Santiago de Chile :
|b Imprenta Universitaria,
|c 1944.
|
| 300 |
|
|
|a 303 p., [1] leaf of plates :
|b 1 port. ;
|c 19 cm.
|
| 500 |
|
|
|a Obra premiada en los LXXXV Juegos Florales de la Lengua Catalana, celebrados en Santiago de Chile el 16 de de Mayo de 1943.
|
| 600 |
1 |
0 |
|a Montt, Manuel,
|d 1809-1880.
|
| 650 |
|
0 |
|a Presidents
|z Chile
|x Biography.
|
| 651 |
|
0 |
|a Chile
|x History
|y 1824-1920.
|
| 852 |
8 |
|
|b CARM
|h A2:AO06A0
|i B06590
|p 0304831
|f BK
|
| 999 |
f |
f |
|i 9df0d9e9-ad81-5f4c-89ef-06152ea065b6
|s 8382d3fa-deae-515c-93c6-6bcf7694799c
|
| 952 |
f |
f |
|p Can circulate
|a CAVAL
|b CAVAL
|c CAVAL
|d CARM 1 Store
|e B06590
|f A2:AO06A0
|h Other scheme
|i book
|m 0304831
|